Католицька церква в минулому і сучасному України (Запис № 574504)

МАРК-запис
000 -Лідер
fixed length control field 00811nam a22002297a 4500
001 - Контрольний номер
control field 2162214035923836
003 - Ідентифікатор контрольного номера
control field UA-OsUOA
005 - Дата та час останнього входження (трансакції)
control field 20230628155406.0
008 - Елементи даних фіксованої довжини – загальна інформація
fixed length control field 230628b un ||||| |||| 00| 0 ukr d
040 ## - Джерело каталогізації
Агенція оригінальної каталогізації UA-OsUOA
Мова каталогізації ukr
Агенція, яка здійснювала перезапис UA-OsUOA
Агенція, яка здійснювала модифікацію UA-OsUOA
041 ## - Код мови
Код мови тексту/ звукової доріжки чи окремого заголовка (П) ukr
080 ## - Індекс Універсальної десяткової класифікації
Індекс Універсальної десяткової класифікації (УДК) (НП) 282(477)
082 ## - Індекс за Десятковою класифікацією Дьюї
Ідентифікатор видання
090 ## - Локальний шифр розміщення
Класифікаційний індекс УДК 282(477)
Авторський знак (НП) Н16
100 ## - Основне введення – ім’я особи
Ім’я особи (НП) Нагаєвський І.
245 ## - Відомості про назву
Назва (НП) Католицька церква в минулому і сучасному України
Дані про відповідальність (НП) Ісидор Нагаєвський
260 ## - Публікація, розповсюдження і т.п. (Вихідні дані)
Місце публікації, розповсюдження і т.п. (П) Філадельфія
Дата публікації, розповсюдження і т.п. (П) 1950
300 ## - Фізичний опис
Обсяг 88 с.
650 ## - Додаткове предметне введення – тематичний термін
Джерело заголовка чи терміна UDC
Тематичний термін чи географічна назва, як елемент введення (НП) 282 Римо-католицька церква
942 ## - Додаткові елементи входу (Коха)
Source of classification or shelving scheme Universal Decimal Classification
Тип елемента Koha Книги
Фонди
Стан вилучень Стан втрат Джерело класифікації або схеми стелажів Стан уражень Не для кредиту Постійне місце розташування Поточне розміщення Дата придбання Джерело придбання Інвентарний номер Усього замовленно Повний номер виклику Штрих-код Дата останнього перегляду Ціна ефективна від Тип елемента Koha
    Universal Decimal Classification     Наукова бібліотека ІДУД Наукова бібліотека ІДУД 28/06/2023 Акт надходжень №1/09.06.2023 (загальний) 2140401   282(477) Н16 2140401 28/06/2023 28/06/2023 Книги